Futurama Bureaucrat Song Quiz Stats

 Plays Quiz not verified by Sporcle

Challenge
Share
Tweet
Embed
Score 0/230 Timer 10:00
0 Plays Today
% Correct
a
96.7%
a
96.7%
a
96.7%
a
96.7%
a
96.7%
a
96.7%
a
96.7%
I
96.2%
I
96.2%
I
96.2%
I
96.2%
I
96.2%
I
96.2%
I
96.2%
I
96.2%
the
91.3%
the
91.3%
the
91.3%
the
91.3%
the
91.3%
be
85.1%
be
85.1%
be
85.1%
be
85.1%
be
85.1%
in
84.9%
in
84.9%
to
83.4%
to
83.4%
to
83.4%
to
83.4%
to
83.4%
to
83.4%
to
83.4%
and
80.6%
And
80.6%
and
80.6%
and
80.6%
and
80.6%
and
80.6%
and
80.6%
When
80.2%
when
80.2%
when
80.2%
when
80.2%
was
79.9%
was
79.9%
was
79.9%
it
79.9%
was
79.9%
you
77.8%
you
77.8%
you
77.8%
you
77.8%
they
77.1%
They
77.1%
they
77.1%
They
77.1%
They
77.1%
They
77.1%
my
75.4%
my
75.4%
my
75.4%
my
75.4%
my
75.3%
bureaucrat,
74.9%
on
74.9%
am
74.9%
said
73.1%
said
73.1%
just
73.1%
Just
73.1%
Just
73.1%
with
72.3%
with
72.3%
we
71.8%
We
71.8%
% Correct
of
71.6%
of
71.6%
if
71.1%
if
71.1%
one
71.1%
If
71.1%
no
70.9%
do
69%
do
69%
Bender
68.1%
not
67.4%
not
67.4%
not
67.4%
insert
67.1%
please
66.9%
it's
66.4%
It’s
66.4%
it's
66.4%
it’s
66.4%
shouldn't
66.2%
shouldn't
66.2%
eye
66.2%
what
66%
what
66%
what
66%
fly
65.9%
Ja
65.5%
out
65%
born
65%
born
65%
Jamaica!
65%
Jamaica!
65%
Jamaica!
65%
Jamaica!
65%
Jamaica!
65%
there
64.8%
say
64.8%
say
64.8%
say
64.8%
girder.
64.3%
but
64.1%
all
64.1%
all
64.1%
But
64.1%
but
64.1%
But
64.1%
pro.
63.8%
probably
63.4%
probably
63.4%
this
62.9%
even
62.6%
even
62.6%
even
62.6%
town
62.4%
surgeon.
62.4%
electric
62.2%
frankfurter.
62%
Kingston
61%
good
60.7%
good
60.7%
He
60.5%
hurricane
60.3%
love
60.1%
love
60.1%
blocks
60%
that
59.4%
order.
59.1%
idea.
58.1%
idea!
58.1%
alphabet
57.9%
bureaucrats,
57.4%
bureaucrats,
57.4%
bureaucrats-
57.4%
poopooed
57.2%
Everybody
56.8%
man
55.6%
grade
55.6%
% Correct
sing
55.5%
Sing
55.5%
comes
55.3%
me
55.3%
comes
55.3%
us.
55.1%
us.
55.1%
push
54.8%
push
54.8%
boy’s
54.6%
made
54.6%
made
54.6%
shove
54.1%
shove
54.1%
gotta
53.9%
gotta
53.9%
filing!
53.7%
about
53.4%
about
53.4%
we’re
53%
nineteens!
52.3%
snotty.
52%
blew
51%
four
50.3%
cried
50.3%
night-
50.3%
water.
49.9%
birthday
49.6%
Everyone
49.2%
party.
49%
wasn't
48.9%
friends
48.5%
get
48.5%
long
48%
smiling.
47.5%
supposed
47.3%
weird.
47.3%
applications
47.1%
relations
47%
tenth
46.3%
People,
46.1%
people
46.1%
half
45.8%
make
45.8%
them
45.8%
alright
45.6%
nobody
45.2%
paid
45.2%
foot
45.1%
turned
44.9%
down
44.9%
line,
44.7%
obsessive
44.4%
into
44.2%
something
43.8%
badges
43.8%
compulsive
43.8%
sorting
43.3%
forgot
43%
anal,
43%
didn't
42.8%
stand
42.6%
ranks.
41.9%
fill
41.6%
like
41.1%
changed
40.9%
Zoidberg!
40.9%
world
40.7%
choose
39.5%
that’s
39%
looks
38.6%
mighty
38%
treat
36.7%
swine
36.2%
home,
35.5%
our
33.6%

You're not logged in!

Compare scores with friends on all Sporcle quizzes.
OR
Log In

You Might Also Like...

Show Comments

Extras

Created Dec 31, 2012ReportNominate
Tags:Song Quiz, episode, futurama, groove, here

Top Quizzes Today


Score Distribution

Your Account Isn't Verified!

In order to create a playlist on Sporcle, you need to verify the email address you used during registration. Go to your Sporcle Settings to finish the process.

Report this User

Report this user for behavior that violates our Community Guidelines.

Details: